Qué Pasa

Salvato in:
Dettagli Bibliografici
Ente Autore: Consorcio Periodístico de Chile (Autore)
Natura: Libro
Lingua:spagnolo
Pubblicazione: Santiago Consorcio Periodístico de Chile 1999
Edizione:1a. ed
Soggetti:
Tags: Aggiungi Tag
Nessun Tag, puoi essere il primo ad aggiungerne!!

MARC

LEADER 00000nam a2200000 a 4500
001 UCJ7157
003 CL-VaPUC
008 070124e19991114CL |||||||||||||||||spa|d
082 0 4 |a 983  |b CON  |2 21 
110 2 |a Consorcio Periodístico de Chile  |e author  |9 515239 
245 1 0 |a Qué Pasa 
250 |a 1a. ed 
300 |a 306 p 
942 |c BK 
945 |d 20070124 00:00:00  |a rinostro 
260 |a Santiago  |b Consorcio Periodístico de Chile  |c 1999 
500 |a Numerosa iconografía e ilustraciones relativas al período 1900-1999 en Chile.- Aunque se trata de una publicación periódica, por el contenido de este Número Especial, se ha incluído entre las monografías de Historia de Chile 
600 0 7 |a GONZALEZ VIDELA, GABRIEL  |2 CL-VaPUC  |9 308284 
600 0 |a Ibáñez del Campo, Carlos  |9 308285 
600 0 7 |a ALESSANDRI RODRIGUEZ, JORGE  |2 CL-VaPUC  |9 359956 
600 0 |a Frei Montalva, Eduardo  |9 255811 
600 0 |a Allende Gossens, Salvador,   |d 1908-1973  |9 257222 
600 0 |a Pinochet Ugarte, Augusto,  |e 1915-2006  |9 374419 
600 0 7 |a AILWYN AZOCAR, PATRICIO  |2 CL-VaPUC  |9 515240 
600 0 7 |a FREI RUIZ TAGLE, EDUARDO  |2 CL-VaPUC  |9 451784 
650 0 |a Cronología   |9 268356 
650 7 |a CATASTROFES  |2 CL-VaPUC  |9 375254 
650 0 |a Política  |9 255312 
650 0 |a Economía   |9 255568 
650 0 |a Cultura  |9 269059 
650 0 |a Publicidad comercial  |9 377167 
650 0 |a Iconografía   |9 267998 
650 0 |a Ilustraciones  |9 369481 
650 7 |a CRIMENES POLITICOS  |2 CL-VaPUC  |9 319844 
650 0 |a Arte  |9 265238 
650 0 |a Deportes  |9 224367 
650 0 |a Presidentes de Chile  |9 268293 
650 0 |a Partidos políticos  |9 254999 
650 0 |a Terrorismo   |9 255070 
583 |a last modification  |c 20070124 00:00:00  |k Rodrigo Vera 
999 |c 323257  |d 323255 
952 |0 0  |1 0  |4 0  |6 983_000000000000000_CON_1999  |7 0  |8 X  |9 402735  |a FDOBUD  |b FDOBUD  |d 2019-11-22  |i 1059319  |o 983 CON 1999  |p 1059319  |r 2019-11-22  |w 2019-11-22  |y BK_X  |k BUD